00847nam a2200229Ii 450000100060000000300090000600800410001502000150005604000330007104100080010408200150011210000300012724500490015726401120020630000120031833600260033033700280035633800270038494000520041199900170046395201370048010633CO-ViMGA241108s9999||||xx |||||||||||||| ||und|| a9684640668 aCO-ViMGAbspaerdacCO-ViMGA0 aunk04a721.1 R8131 aEmilio Rosenblueth95432910aDiseño de estructuras resistentes a sismos 1a[Lugar de publicación no identificado] : Instituto Mexicano del cuento y del cemento y del concreto, 1992 avolumen atextbtxt2rdacontent aunmediatedbn2rdamedia avolumebnc2rdacarrier aidficha_siabuc: 10378. -- ficha_no_siabuc:10633 c51271d51271 001040708001aMEVIGERRbMEVIGERRcGENd2006-11-27o721.1 R813pECA11539r2024-11-26 10:02:40tEj.1w2024-11-26yBKz10378 | 14080